Engineering mechanics: (Record no. 182859)

000 -LEADER
fixed length control field 00883 a2200169 4500
003 - CONTROL NUMBER IDENTIFIER
control field Nust
005 - DATE AND TIME OF LATEST TRANSACTION
control field 20221020115546.0
040 ## - CATALOGING SOURCE
Transcribing agency Nust
082 ## - DEWEY DECIMAL CLASSIFICATION NUMBER
Classification number 620.1053,SHA
100 ## - MAIN ENTRY--PERSONAL NAME
Personal name Shames, Irving Herman,
9 (RLIN) 39929
245 ## - TITLE STATEMENT
Title Engineering mechanics:
Remainder of title Statics Vol :1 /
Statement of responsibility, etc. Irving Herman Shames,
260 ## - PUBLICATION, DISTRIBUTION, ETC.
Place of publication, distribution, etc. Englewood Cliffs,
Name of publisher, distributor, etc. N.J., Prentice-Hall,
Date of publication, distribution, etc. 1959.
300 ## - PHYSICAL DESCRIPTION
Extent 272 p. illus.
Other physical details 24 cm.
505 ## - FORMATTED CONTENTS NOTE
Formatted contents note Fundamentals of Mechanics (Page-1), Elements of Vector Algebra (Page-18), Important Vector Quantities (Page-39), Equivalent Force Systems (Page-55), Equations of Equilibrium (Page-86), Introduction to Structural Mechanics (Page-127), Frictional Forces (Page-171), Properties of Surfaces (Page-208), Introduction to Continuum Mechanics (Page-233), Introduction to Variational Mechanics Statics (Page-268)
650 ## - SUBJECT ADDED ENTRY--TOPICAL TERM
Topical term or geographic name entry element Engineering mechanics: statics.
9 (RLIN) 62801
942 ## - ADDED ENTRY ELEMENTS (KOHA)
Source of classification or shelving scheme
Koha item type Book
Holdings
Withdrawn status Lost status Source of classification or shelving scheme Damaged status Not for loan Permanent Location Current Location Shelving location Date acquired Full call number Barcode Date last seen Price effective from Koha item type Public note
          Military College of Signals (MCS) Military College of Signals (MCS) General Stacks 12/12/2016 620.1053,SHA MCS6298 12/08/2016 12/12/2016 Book Almirah No.27, Shelf No.3
© 2023 Central Library, National University of Sciences and Technology. All Rights Reserved.